LEADER 00844nam a2200229 i 4500 001 000000137028 003 CaOOAMICUS 005 20050406000000.0 008 050406s1980 it u000 u ita u 013 $a110765 040 $aSeMil$bita 100 1 $aBartolini, Elio.$0(OLS)http://semarc/name/41554 245 13$aLa linea dell'arciduca :$bromanzo /$cElio Bartolini. 260 $aMilano :$bRusconi,$c1980. 300 $a194 p. ;$c21 cm. 490 0 $aNarrativa Rusconi 830 0$aNarrativa Rusconi.$0(OLS)http://semarc/title/7305 850 $aSeMil 852 $aSeMil$W1$xVenegono$y1$m1B III 356$j248383$B90596$CSeMilBibl$Z2$F95450 $81 961 $aOmaggio: Poma mons. Gianfranco 996 $6245$aLa linea dell'arciduca :$bromanzo$9(OLS)http://semarc/title/200231 996 $6260$aMilano :$bRusconi$9(OLS)http://semarc/publisher/30258 LEADER 01592nas a2200277 i 4500 001 000000166574 003 CaOOAMICUS 005 20071126000000.0 008 071112b2007 it uu u0 0ita r 013 $a143943 040 $aSeMil$bita 245 10$a2007 : Gennaio-Giugno. 246 04$iTitolo in copertina:$aLe religioni e la pace 260 $aAssisi :$bCittadella,$c2007. 300 $a133 p. ;$c24 cm. 500 $aAtti del Convegno, Assisi, 26-27 ottobre 2006, promosso dall'Istituto Teologico di Assisi in collaborazione con il Servizio nazionale della CEI per il progetto culturale. - In Appendice : Lettera di Sua Santità Benedetto 16. a S. E. Mons. Domenico Sorrentino in occasione del 20. anniversario dell'Incontro Interreligioso di Preghiera per la Pace. 700 1 $aIstituto Teologico .$0(OLS)http://semarc/name/3944 700 1 $aConvegno «Le religioni e la pace : lo "spirito di Assisi" nel 20. anniversario della Giornata Mondiale di Preghiera per la Pace del 1986» <2006 ; Assisi (PG)>.$0(OLS)http://semarc/name/62743 710 0 $aConferenza Episcopale Italiana : Servizio Nazionale Progetto Culturale.$0(OLS)http://semarc/name/10366 774 0 $t[vedi periodico].$w()267658 850 $aSeMil 852 $aSeMil$W1$xVenegono$y1$m240 6 23$j117737$B117737$CSeMilBibl$Z2$F129201 $85 961 $aCambio: Scuola Cattolica 996 $6245$a2007 : Gennaio-Giugno$9(OLS)http://semarc/title/233373 996 $6246$aLe religioni e la pace$9(OLS)http://semarc/title/238041 996 $6260$aAssisi :$bCittadella$9(OLS)http://semarc/publisher/29661